EL BRAZALETE DE RUBIES Y OTRAS NOVELAS Y CUENTOS /

INDICE

Spremljeno u:
Bibliografski detalji
Glavni autor: Kuprin, Alexandr Ivánovich (autor)
Format: Knjiga
Serija:AUSTRAL ; 1389
Teme:
Oznake: Dodaj oznaku
Bez oznaka, Budi prvi tko označuje ovaj zapis!

MARC

LEADER 00000nam^a2200000^a^4500
001 000238703
005 20250521000000.0
009 20260310105026.803
035 |a 062078 
037 |a Acervo Xavier Clavigero 
082 |a 808. 8  |b KUP 
100 |a Kuprin, Alexandr Ivánovich  |e (autor) 
245 1 3 |a EL BRAZALETE DE RUBIES Y OTRAS NOVELAS Y CUENTOS /  |c ALEJANDRO KUPRIN ; TR. NAUM TASIN KAGAN 
264 |a MADRID :  |b ESPASA-CALPE,  |c 1968 
300 |a 216 p. 
336 |a texto  |b txt  |2 rdacontenido 
337 |a sin mediación  |b n  |2 rdamedio 
338 |a volumen  |b nc  |2 rdasoporte 
440 |a AUSTRAL ;  |v 1389 
520 |a INDICE 
649 |a XX 
650 |a LITERATURA -  |x COLECCIONES 
650 |a NOVELA RUSA -  |x SIGLO XX 
650 |a Cuentos Rusos 
910 |a Fondo General 
920 |a Impresos - Libros 
930 |a Colección General 
940 |a Literatura 
905 |a 101 
901 |a 062078  |b IT1  |c LIT  |i 062078  |u 20250521 
902 |a https://opac.biblio.iteso.mx/vufind/Record/000238703